[Event "Eynatten 1 - CREC"]
[Site "?"]
[Date "2013.03.03"]
[Round "10.3"]
[White "Koch, Thomas"]
[Black "Saiboulatov, Daniyal"]
[Result "1/2-1/2"]
[WhiteElo "2451"]
[BlackElo "2344"]
[PlyCount "51"]
[EventDate "2013.??.??"]

1. d4 e6 2. c4 Bb4+ 3. Bd2 a5 4. e4 d5 5. a3 Bxd2+ 6. Nxd2 Nc6 7. Ngf3 Nge7 8.
Be2 O-O 9. O-O dxe4 10. Nxe4 Nf5 11. d5 exd5 12. cxd5 Nce7 13. Nc3 b6 14. Qd2
Bb7 15. Rfd1 Nd6 16. Rac1 Qd7 17. Bd3 Qg4 18. h3 Qh5 19. Re1 Ng6 20. Bxg6 Qxg6
21. Re7 Rac8 22. Qf4 Rfe8 23. Rce1 Rxe7 24. Rxe7 Qf5 25. Qe3 Kf8 26. Re5
1/2-1/2

[Event "Eynatten 1 - Borgerhout"]
[Site "?"]
[Date "2012.10.21"]
[Round "3.8"]
[White "Gohla, Ulf"]
[Black "Talon, Alain"]
[Result "1-0"]
[WhiteElo "2191"]
[BlackElo "2055"]
[PlyCount "59"]
[EventDate "2012.??.??"]

1. d4 e6 2. c4 c5 3. d5 exd5 4. cxd5 d6 5. Nc3 a6 6. a4 g6 7. e4 Bg7 8. Bd3 Ne7
9. Bg5 O-O 10. Qd2 Nd7 11. Bh6 Ne5 12. Be2 f5 13. Bxg7 Kxg7 14. f4 Nf7 15. Nf3
fxe4 16. Nxe4 Ng8 17. Nfg5 Nxg5 18. Qc3+ Kf7 19. Nxg5+ Ke8 20. O-O h6 21. Rae1
Ne7 22. Nh7 Rf7 23. Bd3 Bf5 24. Bxf5 gxf5 25. Nf6+ Kf8 26. Rf3 b5 27. Nh5 Ng8
28. Rg3 Nf6 29. Re6 b4 30. Nxf6 1-0

[Event "Eynatten 1 - Borgerhout"]
[Site "?"]
[Date "2012.10.21"]
[Round "3.6"]
[White "Zelbel, Patrick"]
[Black "Baert, Andy"]
[Result "1/2-1/2"]
[WhiteElo "2425"]
[BlackElo "2173"]
[PlyCount "45"]
[EventDate "2012.??.??"]

1. e4 c5 2. c3 d5 3. exd5 Qxd5 4. Nf3 Nf6 5. Na3 Qd8 6. Bc4 e6 7. O-O a6 8. Bb3
Nc6 9. Qe2 b5 10. c4 Na5 11. Bc2 b4 12. Ba4+ Bd7 13. Bxd7+ Qxd7 14. Nc2 b3 15.
axb3 Nxb3 16. Ra2 Be7 17. d3 Nxc1 18. Rxc1 O-O 19. d4 Qb7 20. Rb1 Rfb8 21. Qe3
Ne4 22. Re1 Nd6 23. Ne5 1/2-1/2

[Event "Eynatten 1 - Borgerhout"]
[Site "?"]
[Date "2012.10.21"]
[Round "3.4"]
[White "Drabke, Lorenz-Maximilian"]
[Black "Van den Brande, Werner"]
[Result "1-0"]
[WhiteElo "2431"]
[BlackElo "2258"]
[PlyCount "135"]
[EventDate "2012.??.??"]

1. e4 c5 2. Nf3 e6 3. c4 Nc6 4. Nc3 Nf6 5. Be2 b6 6. O-O Bb7 7. d4 cxd4 8. Nxd4
Qb8 9. Nb3 Bb4 10. f3 O-O 11. Be3 Bxc3 12. bxc3 d5 13. cxd5 exd5 14. Bg5 dxe4
15. Bxf6 gxf6 16. fxe4 Qe5 17. Qd7 Nd8 18. Qg4+ Qg5 19. Rxf6 Qxg4 20. Bxg4 Bxe4
21. Re1 Kg7 22. Rd6 f5 23. Nd4 Rf7 24. Rxd8 Rxd8 25. Ne6+ Kf6 26. Nxd8 Rd7 27.
Rxe4 Rxd8 28. Bxf5 Kxf5 29. Re7 Rd1+ 30. Kf2 Rd2+ 31. Kf3 Rxa2 32. Rxh7 Ra3 33.
Rc7 b5 34. g4+ Kf6 35. Rc6+ Kf7 36. Kf4 a5 37. Kf5 b4 38. Rc7+ Ke8 39. cxb4
axb4 40. h4 Ra5+ 41. Kf6 Rb5 42. Rc8+ Kd7 43. Rc1 b3 44. g5 b2 45. Rb1 Ke8 46.
Kg7 Rb7+ 47. Kg8 Ke7 48. h5 Ke6 49. g6 Kf6 50. Kh8 Rb5 51. Rf1+ Rf5 52. Rxf5+
Kxf5 53. g7 b1=Q 54. g8=Q Kf4 55. Qf7+ Ke3 56. h6 Qb8+ 57. Kg7 Kd2 58. Qf2+ Kd1
59. h7 Qe5+ 60. Qf6 Qc7+ 61. Kg6 Qg3+ 62. Kf7 Qc7+ 63. Qe7 Qc8 64. Qd6+ Kc2 65.
Qg6+ Kb2 66. Qf6+ Ka3 67. h8=Q Qc4+ 68. Qe6 1-0

[Event "Eynatten 1 - Borgerhout"]
[Site "?"]
[Date "2012.10.21"]
[Round "3.2"]
[White "Dambacher, Martijn"]
[Black "Wemmers, Xander"]
[Result "1-0"]
[WhiteElo "2506"]
[BlackElo "2403"]
[PlyCount "81"]
[EventDate "2012.??.??"]

1. d4 Nf6 2. c4 g6 3. f3 Bg7 4. e4 d6 5. Nc3 O-O 6. Nge2 a6 7. Be3 Nc6 8. Qd2
Rb8 9. Rc1 Bd7 10. Nd1 Re8 11. g3 b5 12. c5 dxc5 13. Rxc5 e6 14. Bg2 Bf8 15.
Rc1 Bb4 16. Ndc3 e5 17. O-O exd4 18. Nxd4 Ne5 19. Bg5 Nc4 20. Qf2 Be7 21. Rcd1
Qc8 22. b3 Ne5 23. Qd2 c5 24. Nde2 b4 25. f4 bxc3 26. Nxc3 Nc6 27. e5 Ng4 28.
Qxd7 Nd4 29. Qxc8 Rbxc8 30. Bxe7 Rxe7 31. Bh3 h5 32. Nd5 Rb7 33. Nf6+ Kg7 34.
Nxg4 hxg4 35. Bxg4 Rcc7 36. Rc1 a5 37. Rc4 Rb4 38. Rfc1 Rxc4 39. Rxc4 Kf8 40.
Kf2 Ke7 41. Ke3 1-0

[Event "Eynatten 1 - Anderlecht"]
[Site "Anderlecht"]
[Date "2013.01.13"]
[Round "7.8"]
[White "Philipowski, Robert"]
[Black "Tonoli, Walter"]
[Result "1/2-1/2"]
[WhiteElo "2299"]
[BlackElo "2200"]
[PlyCount "34"]
[EventDate "2013.??.??"]

1. e4 c5 2. Nf3 g6 3. d4 Bg7 4. d5 Nf6 5. Nc3 O-O 6. e5 Ng4 7. Ng5 Nxe5 8. f4
f6 9. Nxh7 Kxh7 10. fxe5 f5 11. Bf4 e6 12. Bc4 d6 13. dxe6 dxe5 14. Qxd8 Rxd8
15. Bg5 Rd4 16. Bd5 Nc6 17. O-O Nb4 1/2-1/2

[Event "Eynatten 1 - Anderlecht"]
[Site "Anderlecht"]
[Date "2013.01.13"]
[Round "7.6"]
[White "Schuh, Dirk"]
[Black "Van Mechelen, Jan"]
[Result "1/2-1/2"]
[WhiteElo "2402"]
[BlackElo "2250"]
[PlyCount "56"]
[EventDate "2013.??.??"]

1. e4 e6 2. d4 d5 3. Nd2 Nf6 4. e5 Nfd7 5. Bd3 c5 6. c3 b6 7. Nh3 Ba6 8. Bxa6
Nxa6 9. Nf4 cxd4 10. cxd4 Nb4 11. a3 Nc6 12. Nf3 b5 13. h4 Qb6 14. Be3 h6 15.
Rh3 b4 16. a4 b3 17. Ne2 Na5 18. Bd2 Nc4 19. Bc3 Rb8 20. Nd2 Nxd2 21. Qxd2 Qa6
22. Nc1 Nb6 23. Qe2 Qxe2+ 24. Kxe2 Nc4 25. Be1 Ba3 26. Rxb3 Rxb3 27. Nxb3 Bxb2
28. Rb1 O-O 1/2-1/2

[Event "Eynatten 1 - Anderlecht"]
[Site "Anderlecht"]
[Date "2013.01.13"]
[Round "7.4"]
[White "Koch, Thomas"]
[Black "De Wit, Michel"]
[Result "1-0"]
[WhiteElo "2451"]
[BlackElo "2295"]
[PlyCount "55"]
[EventDate "2013.??.??"]

1. d4 Nf6 2. c4 e6 3. Nf3 b6 4. g3 Bb7 5. Bg2 c5 6. d5 d6 7. dxe6 fxe6 8. O-O
Na6 9. Ng5 Bxg2 10. Nxe6 Qd7 11. Kxg2 Qxe6 12. Qa4+ Kf7 13. Qxa6 Qe4+ 14. Kg1
Qxe2 15. Qb7+ Be7 16. Nc3 Qxc4 17. Re1 Rhe8 18. Bg5 Kg6 19. Rxe7 Rxe7 20. Qxe7
Kxg5 21. Rd1 Kg6 22. Rxd6 Qg4 23. Nd5 Qf5 24. h4 Rg8 25. h5+ Kg5 26. Nxf6 gxf6
27. Qf7 Qb1+ 28. Kh2 1-0

[Event "Eynatten 1 - Anderlecht"]
[Site "Anderlecht"]
[Date "2013.01.13"]
[Round "7.2"]
[White "Levin, Felix"]
[Black "Carmeille, Ludovic"]
[Result "1/2-1/2"]
[WhiteElo "2509"]
[BlackElo "2340"]
[PlyCount "156"]
[EventDate "2013.??.??"]

1. Nf3 d5 2. d4 Nf6 3. c4 c6 4. e3 a6 5. Nc3 b5 6. c5 Nbd7 7. a3 e5 8. b4 e4 9.
Nd2 a5 10. Bb2 Be7 11. Nb3 axb4 12. axb4 Rxa1 13. Qxa1 O-O 14. Qa5 Nb8 15. Qxd8
Bxd8 16. f3 Re8 17. Kd2 Na6 18. Ba3 Bd7 19. Be2 Bc7 20. h3 exf3 21. gxf3 Bg3
22. Bd3 h5 23. h4 Nc7 24. Nc1 Ne6 25. N1e2 Bc7 26. Rg1 g6 27. Kc2 Bd8 28. Bc1
Nh7 29. Rh1 Bf6 30. Bd2 Nhf8 31. Be1 Nc7 32. Bf2 Ra8 33. e4 Nfe6 34. Kb3 Ra7
35. Kb2 Kf8 36. Bc2 Ng7 37. Bb3 Be6 38. exd5 cxd5 39. Nf4 Nf5 40. Nfxd5 Nxd5
41. Bxd5 Bxd5 42. Nxd5 Bxd4+ 43. Bxd4 Nxd4 44. Nc3 Nc6 45. Rd1 Nxb4 46. Rd6 Rc7
47. Ne4 Rc6 48. Rd7 Ke8 49. Rd4 Na6 50. Nd6+ Kf8 51. Nxb5 Nxc5 52. Rd5 Ne6 53.
Nd6 Ke7 54. Ne4 f5 55. Nd2 Rd6 56. Rxd6 Kxd6 57. Nc4+ Kd5 58. Kc3 Nf4 59. Ne3+
Kc5 60. Kd2 Kd4 61. Nc2+ Ke5 62. Ne1 Nd5 63. Nd3+ Kd4 64. Ne1 Ne3 65. Ke2 f4
66. Kd2 Ke5 67. Ke2 Kf5 68. Kf2 g5 69. hxg5 Kxg5 70. Nd3 h4 71. Kg1 Nc4 72. Kg2
Ne3+ 73. Kh3 Nf5 74. Nf2 Nd4 75. Kg2 Kf5 76. Nd3 h3+ 77. Kxh3 Nxf3 78. Nxf4
Kxf4 1/2-1/2

[Event "Eynatten 1 - Amay"]
[Site "?"]
[Date "2012.12.16"]
[Round "6.7"]
[White "Polaczek, Richard"]
[Black "Moussard, Jules"]
[Result "1/2-1/2"]
[WhiteElo "2428"]
[BlackElo "2427"]
[PlyCount "96"]
[EventDate "2012.12.15"]

1. d4 g6 2. Nf3 Bg7 3. g3 d6 4. Bg2 Nd7 5. O-O e5 6. e4 Ngf6 7. Nc3 O-O 8. h3
c6 9. a4 Re8 10. Re1 Qa5 11. Be3 Qb4 12. a5 exd4 13. Bxd4 c5 14. Bxf6 Nxf6 15.
e5 dxe5 16. Ra4 Qxb2 17. Qd2 Bf5 18. Ra2 Qb4 19. Ra4 Rad8 20. Rxb4 Rxd2 21.
Rxb7 Rxc2 22. Nb5 e4 23. Nh4 Bc8 24. Rxa7 Bf8 25. Bf1 Rd8 26. Ra8 c4 27. Ng2
Nd5 28. Rd1 c3 29. Ne3 Rd2 30. Nxc3 Rxd1 31. Ncxd1 Nc7 32. Rb8 Bc5 33. Rb2 Ne6
34. Rc2 Ba7 35. Rc4 Ng5 36. h4 Nf3+ 37. Kg2 Nd2 38. Rc7 Bb8 39. Rc2 Nxf1 40.
Kxf1 Ba6+ 41. Kg2 Bd3 42. Ra2 Be5 43. g4 Ra8 44. Nb2 Bxb2 45. Rxb2 Rxa5 46. Rb7
Kg7 47. Kg3 Ra6 48. g5 Ra3 1/2-1/2

[Event "Eynatten 1 - Amay"]
[Site "?"]
[Date "2012.12.16"]
[Round "6.3"]
[White "Dambacher, Martijn"]
[Black "Prié, Eric"]
[Result "1/2-1/2"]
[WhiteElo "2506"]
[BlackElo "2515"]
[PlyCount "86"]
[EventDate "2012.12.15"]

1. d4 d5 2. c4 c6 3. Nf3 Nf6 4. e3 Bg4 5. Nc3 e6 6. Qb3 Qb6 7. Nh4 Bh5 8. h3
Qxb3 9. axb3 Na6 10. g4 Nb4 11. Ke2 Bg6 12. Nxg6 hxg6 13. Bg2 g5 14. Bd2 Be7
15. Ra4 Kd7 16. Rha1 Nc2 17. Rc1 Nb4 18. Rca1 Nc2 19. Rc1 Nb4 20. e4 dxe4 21.
Nxe4 Nxe4 22. Bxe4 a5 23. Rca1 b6 24. c5 bxc5 25. Rxa5 Rxa5 26. Rxa5 Rxh3 27.
dxc5 Rxb3 28. Ra7+ Kd8 29. Rb7 Bxc5 30. Bc3 Na2 31. Rxf7 Nxc3+ 32. bxc3 Rxc3
33. Bxc6 Bxf2 34. Kxf2 Rxc6 35. Rxg7 Rc5 36. Ke3 Ke8 37. Kd4 Ra5 38. Ke4 Kf8
39. Rb7 Rd5 40. Ra7 Rb5 41. Rc7 Ke8 42. Rg7 Rd5 43. Ra7 Rb5 1/2-1/2

[Event "Eynatten 1 - Amay"]
[Site "?"]
[Date "2012.12.16"]
[Round "6.1"]
[White "Hoffmann, Michael"]
[Black "Van Kampen, Robin"]
[Result "1/2-1/2"]
[WhiteElo "2510"]
[BlackElo "2560"]
[PlyCount "60"]
[EventDate "2012.12.15"]

1. d4 Nf6 2. c4 g6 3. Nc3 d5 4. Nf3 Bg7 5. Qb3 dxc4 6. Qxc4 O-O 7. e4 Be6 8. d5
Bc8 9. Be2 c6 10. O-O cxd5 11. exd5 Nbd7 12. Rd1 Ne8 13. Bf4 Nd6 14. Qb3 Qa5
15. a3 Nc5 16. Qa2 Na4 17. Nxa4 Qxa4 18. Bg5 Re8 19. Be3 Bg4 20. Rac1 Rac8 21.
h3 Bxf3 22. Bxf3 Rc2 23. Rxc2 Qxc2 24. Bxa7 Ra8 25. Bd4 Bxd4 26. Rxd4 Nb5 27.
Bd1 Qf5 28. Bg4 Qc2 29. Bd1 Qf5 30. Bg4 Qc2 1/2-1/2

[Event "Deurne - Wirtzfeld"]
[Site "?"]
[Date "2013.01.13"]
[Round "7.8"]
[White "Du Pont, David"]
[Black "Comes, Bruno"]
[Result "1-0"]
[WhiteElo "2096"]
[BlackElo "2153"]
[PlyCount "81"]
[EventDate "2013.01.13"]

1. c4 f5 2. g3 Nf6 3. Bg2 g6 4. Nc3 Bg7 5. d3 O-O 6. e4 fxe4 7. dxe4 Nc6 8.
Nge2 d6 9. O-O Be6 10. Nd5 Ne5 11. Nef4 Bf7 12. Qc2 c6 13. Ne3 Qb6 14. Rb1 a5
15. Kh1 Nfd7 16. b3 Nc5 17. a3 a4 18. b4 Ne6 19. Nxe6 Bxe6 20. f4 Ng4 21. Qe2
Nxe3 22. Bxe3 Qc7 23. Rfc1 Qd7 24. b5 c5 25. Bf3 h5 26. Rd1 Qc8 27. Rbc1 Bg4
28. Bxg4 hxg4 29. Rd5 Qe6 30. Bg1 Rf5 31. Rd2 Rh5 32. Rcd1 Rf8 33. Rd5 b6 34.
Rxh5 gxh5 35. Rd5 Qg6 36. Rg5 Qf7 37. Qc2 Ra8 38. Qd3 Kf8 39. Rf5 Bf6 40. e5
Kg8 41. exf6 1-0

[Event "Deurne - Wirtzfeld"]
[Site "?"]
[Date "2013.01.13"]
[Round "7.4"]
[White "Minyeyevtsev, Semen"]
[Black "Gulbas, Cemil"]
[Result "1/2-1/2"]
[WhiteElo "2213"]
[BlackElo "2436"]
[PlyCount "70"]
[EventDate "2013.01.13"]

1. d4 d5 2. Nf3 Nf6 3. c4 c6 4. e3 e6 5. Qc2 Nbd7 6. b3 Bd6 7. Bb2 O-O 8. Bd3
b6 9. Ne5 Bb7 10. O-O Rc8 11. Nd2 h6 12. Rae1 c5 13. Qb1 cxd4 14. exd4 Bb4 15.
Rd1 Qe7 16. Ndf3 Rfd8 17. Qa1 Ba3 18. Rfe1 dxc4 19. bxc4 Nxe5 20. Nxe5 Bxb2 21.
Qxb2 Rd6 22. Be2 Qc7 23. h3 Rcd8 24. Rd2 Nd7 25. Nxd7 Qxd7 26. Red1 Bc6 27. Rd3
Be4 28. R3d2 Qe7 29. Bf1 Qg5 30. Qc3 Bc6 31. Rd3 Qf6 32. Be2 Be4 33. R3d2 Bc6
34. Rd3 Be4 35. R3d2 Bc6 1/2-1/2

[Event "Deurne - Wirtzfeld"]
[Site "?"]
[Date "2013.01.13"]
[Round "7.2"]
[White "Sadkowski, Daniel"]
[Black "Siebrecht, Sebastian"]
[Result "0-1"]
[WhiteElo "2338"]
[BlackElo "2482"]
[PlyCount "80"]
[EventDate "2013.01.13"]

1. c4 e5 2. g3 Nc6 3. Bg2 Bc5 4. Nc3 a6 5. e3 d6 6. Nge2 Nge7 7. a3 Ba7 8. b4
O-O 9. O-O Bg4 10. h3 Bh5 11. d3 f5 12. Qd2 Qd7 13. Bb2 Rae8 14. Kh2 Bf7 15.
Nd5 Nxd5 16. cxd5 Ne7 17. e4 Bh5 18. f3 Bf7 19. f4 Bh5 20. Rae1 Bxe2 21. Rxe2
exf4 22. gxf4 fxe4 23. dxe4 Ng6 24. Bc1 Re7 25. Qd3 Ref7 26. Qg3 Bd4 27. Kh1
Qb5 28. Rc2 Qa4 29. Re2 a5 30. h4 axb4 31. axb4 Qb5 32. Rc2 Qxb4 33. h5 Ne7 34.
Qd3 c5 35. dxc6 Nxc6 36. Rc4 Qb6 37. e5 dxe5 38. Bd5 Qb5 39. Bxc6 bxc6 40. Ba3
Qd5+ 0-1

[Event "Deurne - Rochade "]
[Site "?"]
[Date "2013.02.03"]
[Round "8.7"]
[White "Van Herck, Marcel"]
[Black "Huesmann, Thomas"]
[Result "1/2-1/2"]
[WhiteElo "2144"]
[BlackElo "2240"]
[PlyCount "76"]
[EventDate "2010.04.20"]

1. e4 e5 2. f4 exf4 3. Bc4 d5 4. Bxd5 Qh4+ 5. Kf1 Nf6 6. Nc3 Be7 7. Nf3 Qh6 8.
d4 c6 9. Bb3 O-O 10. Kg1 Rd8 11. e5 Nh5 12. Ne2 Bg4 13. Qd3 g5 14. h3 Be6 15.
h4 g4 16. Ng5 Bxb3 17. axb3 Na6 18. Bxf4 Nxf4 19. Nxf4 Rxd4 20. Qf5 Qg7 21. c3
Rd2 22. Ne4 Rxb2 23. Nf6+ Kh8 24. Rd1 g3 25. Rh3 Bc5+ 26. Kh1 Bf2 27. Qd7 Nc5
28. Qe7 Qf8 29. Qxf8+ Rxf8 30. N4h5 Rxb3 31. Nxg3 Rxc3 32. Nf5 Rc2 33. Rf3 Ne6
34. Rd7 Rb2 35. Nd6 Kg7 36. Nf5+ Kh8 37. Nd6 Kg7 38. Nf5+ Kh8 {claim} 1/2-1/2

[Event "Deurne - Rochade "]
[Site "?"]
[Date "2013.02.03"]
[Round "8.5"]
[White "Schuermans, Robert"]
[Black "Klein, Felix"]
[Result "1-0"]
[WhiteElo "2187"]
[BlackElo "2310"]
[PlyCount "55"]
[EventDate "2010.04.20"]

1. e4 c5 2. Nf3 e6 3. d4 cxd4 4. Nxd4 a6 5. Nc3 Qc7 6. g3 Bb4 7. Bd2 Nf6 8. Bg2
Nc6 9. Nxc6 dxc6 10. O-O Be7 11. a4 a5 12. Qe2 e5 13. Nd1 O-O 14. Ne3 g6 15.
Nc4 b6 16. Qe3 Nd7 17. Rfd1 Ba6 18. Bf1 Rfe8 19. Bc3 Bc5 20. Qg5 f6 21. Rxd7
Qxd7 22. Qxf6 Qe6 23. Qxe6+ Rxe6 24. Nxe5 Bxf1 25. Kxf1 Rf8 26. f4 Bd6 27. Ng4
Rxe4 28. Nh6# 1-0

[Event "Deurne - Rochade "]
[Site "?"]
[Date "2013.02.03"]
[Round "8.1"]
[White "Froeyman, Helmut"]
[Black "Negi, Parimarjan"]
[Result "0-1"]
[WhiteElo "2343"]
[BlackElo "2661"]
[PlyCount "68"]
[EventDate "2010.04.20"]

1. e4 c5 2. Nf3 d6 3. d4 cxd4 4. Nxd4 Nf6 5. Nc3 a6 6. Be2 e6 7. O-O Nc6 8. Be3
Be7 9. f4 O-O 10. a4 Qc7 11. Kh1 Nxd4 12. Qxd4 Bd7 13. e5 Ne8 14. Rad1 Bc6 15.
Rd3 b5 16. axb5 axb5 17. Rfd1 dxe5 18. fxe5 b4 19. Nb1 Bb5 20. Qe4 Qxc2 21.
Qxa8 Bxd3 22. Bf3 Nd6 23. Qa7 Nf5 24. Bg1 Bg5 25. Qb7 Nh4 26. Re1 Qxb2 27. Be4
Bxe4 28. Qxe4 Rd8 29. Re2 Qb3 30. Nd2 Qd5 31. Qxb4 Nxg2 32. Rxg2 Bxd2 33. Qh4
Bc3 34. Be3 Bxe5 0-1

[Event "Deurne - KGSRL"]
[Site "?"]
[Date "2012.09.23"]
[Round "1.7"]
[White "Tolk, Pieter"]
[Black "Ducarmon, Renzo"]
[Result "1/2-1/2"]
[WhiteElo "2153"]
[BlackElo "2035"]
[PlyCount "75"]
[EventDate "2012.??.??"]

1. d4 Nf6 2. Nf3 g6 3. c4 Bg7 4. g3 O-O 5. Bg2 d6 6. O-O Nbd7 7. Qc2 e5 8. Rd1
exd4 9. Nxd4 c6 10. Nc3 a5 11. Bf4 Qc7 12. Qd2 Ne5 13. b3 Nh5 14. Bh6 Bxh6 15.
Qxh6 f5 16. Nf3 f4 17. Qg5 Kg7 18. c5 h6 19. cxd6 hxg5 20. dxc7 Nxf3+ 21. Bxf3
g4 22. Be4 fxg3 23. hxg3 Rf7 24. Rd8 Rxc7 25. Rad1 Nf6 26. R1d4 Ra7 27. Bd3 b5
28. e4 Nd7 29. Bxb5 cxb5 30. Nxb5 Ne5 31. Nxc7 Rxc7 32. Kg2 Bb7 33. Re8 Nf3 34.
Rc4 Rd7 35. Rc1 Kf7 36. Rh8 Kg7 37. Re8 Kf7 38. Rh8 1/2-1/2

[Event "Deurne - KGSRL"]
[Site "?"]
[Date "2012.09.23"]
[Round "1.5"]
[White "Minyeyevtsev, Semen"]
[Black "Verhaeren, Gertjan"]
[Result "1/2-1/2"]
[WhiteElo "2204"]
[BlackElo "2055"]
[PlyCount "32"]
[EventDate "2012.??.??"]

1. e4 e5 2. Nf3 Nc6 3. Bb5 Nf6 4. d3 Bc5 5. c3 d6 6. O-O O-O 7. Nbd2 a6 8. Ba4
b5 9. Bc2 h6 10. a4 Rb8 11. h3 d5 12. axb5 axb5 13. Nxe5 Nxe5 14. d4 Nxe4 15.
Nxe4 dxe4 16. dxc5 Nd3 1/2-1/2

[Event "Deurne - KGSRL"]
[Site "?"]
[Date "2012.09.23"]
[Round "1.1"]
[White "Froeyman, Helmut"]
[Black "Michiels, Bart"]
[Result "0-1"]
[WhiteElo "2310"]
[BlackElo "2506"]
[PlyCount "120"]
[EventDate "2012.??.??"]

1. e4 e6 2. d4 d5 3. Nc3 Nf6 4. e5 Nfd7 5. f4 c5 6. Nf3 Nc6 7. Be3 Be7 8. Qd2
O-O 9. Be2 b6 10. O-O f5 11. exf6 Nxf6 12. Bb5 Bd7 13. Bxc6 Bxc6 14. Ne5 Bb7
15. a3 Nd7 16. Nf3 Qc7 17. Rfe1 Rae8 18. Rad1 Bc6 19. Re2 Bd6 20. Rde1 Re7 21.
g3 Nf6 22. Ne5 Be8 23. Bf2 Qc8 24. h3 Rc7 25. Kh2 Bh5 26. g4 Be8 27. Kg2 Ne4
28. Nxe4 dxe4 29. Be3 cxd4 30. Qxd4 Bxe5 31. Qxe5 Rxc2 32. Bd4 Rf7 33. Bc3
Rxe2+ 34. Rxe2 Bc6 35. Kg3 Qc7 36. Rd2 Bd5 37. Qxc7 Rxc7 38. f5 Kf7 39. Kf4 Re7
40. Bb4 Re8 41. Rc2 exf5 42. Rc7+ Kg8 43. gxf5 e3 44. Bc3 Bf7 45. Kg3 a6 46.
Rb7 b5 47. Ra7 h6 48. h4 h5 49. Kf3 e2 50. Kf2 Bc4 51. Rxg7+ Kf8 52. Rg1 Re4
53. Re1 Rxh4 54. b3 Bd3 55. Ke3 Rh3+ 56. Kd2 Rf3 57. Bd4 h4 58. Be3 Rf1 59.
Bc5+ Kf7 60. Bb4 h3 0-1

[Event "Deurne - Fontaine"]
[Site "?"]
[Date "2012.10.21"]
[Round "3.7"]
[White "Van Herck, Marcel"]
[Black "Le Quang, Kim"]
[Result "1/2-1/2"]
[WhiteElo "2144"]
[BlackElo "2304"]
[PlyCount "133"]
[EventDate "2012.??.??"]

1. e4 c5 2. Nf3 e6 3. d4 cxd4 4. Nxd4 Nc6 5. Nc3 Qc7 6. g3 a6 7. Bg2 d6 8. O-O
Bd7 9. Re1 Be7 10. Nxc6 Bxc6 11. Qg4 h5 12. Qe2 h4 13. a4 hxg3 14. hxg3 Nf6 15.
Be3 Qa5 16. Bd2 Qh5 17. Qxh5 Rxh5 18. Be3 Rc8 19. Bf3 Rh7 20. Kg2 Nd7 21. a5
Ne5 22. Be2 g5 23. f4 gxf4 24. gxf4 Rg7+ 25. Kf1 Ng4 26. Bxg4 Rxg4 27. Ke2 Bf6
28. Rg1 Rxg1 29. Rxg1 Bxc3 30. Rg8+ Kd7 31. Rxc8 Kxc8 32. bxc3 Bxe4 33. Bd4
Bxc2 34. c4 Kd7 35. Bf6 Kc6 36. Kd2 Bf5 37. Bd4 Kd7 38. c5 dxc5 39. Bxc5 Kc6
40. Bb6 Kd5 41. Ke3 Be4 42. Kd2 Bh1 43. Ke3 Kc4 44. Kd2 Bc6 45. Ke3 Kd5 46. Kd3
Kd6 47. Kd4 Ke7 48. Ke5 f6+ 49. Kd4 Kf7 50. Ke3 Kg6 51. Kd4 Kf5 52. Ke3 Kg4 53.
Bc7 Kf5 54. Bb6 e5 55. fxe5 fxe5 56. Bc7 Ke6 57. Kd3 Kd5 58. Bb6 e4+ 59. Kc3
Ke5 60. Bc7+ Kf5 61. Kd4 b5 62. axb6 Bb7 63. Bg3 Kg4 64. Be1 Kf3 65. Kc3 Ke2
66. Bh4 a5 67. Kb2 1/2-1/2

[Event "Deurne - Fontaine"]
[Site "?"]
[Date "2012.10.21"]
[Round "3.3"]
[White "Penson, Thierry"]
[Black "Claesen, Pieter"]
[Result "0-1"]
[WhiteElo "2214"]
[BlackElo "2381"]
[PlyCount "88"]
[EventDate "2012.??.??"]

1. e4 c6 2. Nc3 d5 3. Nf3 g6 4. h3 Bg7 5. d4 Nf6 6. exd5 cxd5 7. Ne5 O-O 8. Be2
Nc6 9. O-O Qb6 10. Na4 Qa5 11. Nxc6 bxc6 12. Nc5 Nd7 13. Nb3 Qb6 14. Be3 Ba6
15. Re1 Bxe2 16. Rxe2 Rfe8 17. c3 Qb5 18. Qc2 Rac8 19. Rae1 e6 20. f3 a5 21. a4
Qa6 22. h4 h5 23. g4 hxg4 24. fxg4 e5 25. h5 e4 26. Rf1 Re6 27. Ref2 Qd3 28.
Qc1 Rf6 29. Nxa5 Rxf2 30. Rxf2 c5 31. dxc5 Ne5 32. hxg6 fxg6 33. c6 Nxg4 34.
Bb6 Nxf2 35. Bxf2 Rf8 36. Qe3 Qd1+ 37. Kg2 Qg4+ 38. Qg3 Qxg3+ 39. Bxg3 e3 40.
c7 e2 41. Nc6 Kf7 42. Na7 Be5 43. c8=Q Rxc8 44. Nxc8 Bxg3 0-1

[Event "Deurne - Fontaine"]
[Site "?"]
[Date "2012.10.21"]
[Round "3.1"]
[White "Froeyman, Helmut"]
[Black "Ringoir, Tanguy"]
[Result "1/2-1/2"]
[WhiteElo "2343"]
[BlackElo "2457"]
[PlyCount "80"]
[EventDate "2012.??.??"]

1. e4 e5 2. Nf3 Nc6 3. Bb5 a6 4. Ba4 Nf6 5. O-O Be7 6. Re1 b5 7. Bb3 O-O 8. a4
b4 9. d3 d6 10. a5 Be6 11. Nbd2 Qc8 12. Nc4 Rb8 13. h3 h6 14. Bd2 Rd8 15. Qe2
Bf8 16. Kh2 g6 17. Qf1 Bg7 18. Ba4 Qb7 19. c3 bxc3 20. Bxc3 Nd4 21. Nfd2 Nb5
22. Bb4 d5 23. Nxe5 dxe4 24. Nxe4 Nxe4 25. Rxe4 Rd4 26. f4 Rxe4 27. dxe4 Qxe4
28. Bxb5 Rxb5 29. Bc3 g5 30. g3 h5 31. Re1 Qf5 32. Nc6 Kh7 33. Nd4 Bxd4 34.
Bxd4 gxf4 35. gxf4 Rxa5 36. Re5 Rxe5 37. Bxe5 f6 38. Bc3 Bd5 39. Qf2 Qd3 40.
Bxf6 Qf3 1/2-1/2

[Event "Deurne - Eynatten 2"]
[Site "?"]
[Date "2012.11.18"]
[Round "4.8"]
[White "Du Pont, David"]
[Black "Hans, Lysander"]
[Result "1/2-1/2"]
[WhiteElo "2096"]
[BlackElo "1821"]
[PlyCount "165"]
[EventDate "2012.??.??"]

1. c4 Nf6 2. Nc3 g6 3. g3 Bg7 4. Bg2 O-O 5. e4 d6 6. Nge2 e5 7. O-O Nc6 8. d3
Nh5 9. Be3 f5 10. exf5 gxf5 11. f4 Nf6 12. h3 Qe8 13. Qd2 Qg6 14. Nd5 Nxd5 15.
cxd5 Nd8 16. Rac1 Rf7 17. b4 b6 18. Rc2 Bb7 19. Rfc1 Rc8 20. Kh2 Re7 21. a4 Nf7
22. a5 bxa5 23. bxa5 a6 24. Qb4 Nd8 25. Qb3 Bh6 26. Bb6 Qg7 27. Bf2 Qg6 28. Rf1
Qf7 29. g4 c5 30. Bh4 Rd7 31. fxe5 dxe5 32. Rxf5 Qe8 33. Bxd8 Qxd8 34. d6+ c4
35. dxc4 Bxg2 36. c5+ Kh8 37. Kxg2 Bg7 38. Qb6 Qg8 39. Ng3 Qd5+ 40. Kh2 Rxd6
41. Qa7 Rg6 42. Qf7 Qxf7 43. Rxf7 Kg8 44. Rb7 Bf8 45. Ne4 Rgc6 46. Rf2 R8c7 47.
Rxc7 Rxc7 48. Nf6+ Kh8 49. Ne8 Bxc5 50. Nxc7 Bxf2 51. Nxa6 Be1 52. Nb8 Bxa5 53.
Nc6 Bc7 54. Kg2 e4 55. Kf2 Bb6+ 56. Kg3 Bc7+ 57. Kf2 Bf4 58. Nd4 Kg8 59. Ne2
Bd2 60. Ng3 e3+ 61. Ke2 Kf7 62. Nf1 Kf6 63. h4 Ke5 64. Nxe3 Bb4 65. Kf3 Be7 66.
g5 Ke6 67. Kg4 Kf7 68. Kf5 Kg7 69. Ng4 Ba3 70. h5 Bb2 71. Nf2 Bd4 72. Ne4 Bb2
73. Nc5 Bc3 74. Ne6+ Kf7 75. Nc5 Bd4 76. Ne4 Bb2 77. Nf6 Kg7 78. h6+ Kh8 79.
Ke6 Bc1 80. Ne4 Kg8 81. Nf6+ Kh8 82. Kf5 Bxg5 83. Kxg5 1/2-1/2

[Event "Deurne - Eynatten 2"]
[Site "?"]
[Date "2012.11.18"]
[Round "4.6"]
[White "Van Herck, Marcel"]
[Black "Samraoui, Medhi"]
[Result "1-0"]
[WhiteElo "2144"]
[BlackElo "2021"]
[PlyCount "39"]
[EventDate "2012.??.??"]

1. e4 c5 2. Nf3 d6 3. d4 cxd4 4. Nxd4 Nf6 5. Nc3 a6 6. Bg5 e6 7. Qe2 Nbd7 8.
O-O-O Be7 9. h4 b5 10. Nc6 Qc7 11. Nxe7 Kxe7 12. Qe1 Bb7 13. Bd3 Rhc8 14. a3
Nc5 15. f3 Nxd3+ 16. Rxd3 a5 17. Qd2 b4 18. Nb5 bxa3 19. Nxc7 a2 20. Ra3 1-0

[Event "Deurne - Eynatten 2"]
[Site "?"]
[Date "2012.11.18"]
[Round "4.4"]
[White "Schuermans, Robert"]
[Black "Tochtenhagen, Wolfgang"]
[Result "0-1"]
[WhiteElo "2187"]
[BlackElo "2096"]
[PlyCount "146"]
[EventDate "2012.??.??"]

1. e4 c5 2. Nf3 Nc6 3. d4 cxd4 4. Nxd4 g6 5. Nc3 Bg7 6. Be3 Nf6 7. Nxc6 bxc6 8.
e5 Ng8 9. Bd4 f6 10. e6 d5 11. Qf3 Bxe6 12. O-O-O Nh6 13. Re1 Bg4 14. Qg3 O-O
15. f3 Bd7 16. Bc5 Re8 17. Qf2 e5 18. h4 Qa5 19. a3 Rab8 20. h5 g5 21. Rd1 Be6
22. Bd6 Rb7 23. Qc5 Qxc5 24. Bxc5 Bf8 25. Ba6 Rbb8 26. Na4 Nf7 27. Bxf8 Kxf8
28. Nc5 Nd8 29. c4 d4 30. b4 Bc8 31. Rhe1 Kf7 32. Bxc8 Rxc8 33. Ne4 Nb7 34. c5
h6 35. g4 Kg7 36. Ng3 a5 37. Nf5+ Kh7 38. Kb2 Ra8 39. Kb3 Reb8 40. Kc2 axb4 41.
axb4 Ra2+ 42. Kd3 Nd8 43. Rb1 Ra4 44. Kc4 Nb7 45. Kd3 Ra3+ 46. Ke4 Rba8 47. Ne7
R8a6 48. Nc8 R6a4 49. Nb6 Rxb4 50. Nd7 Re3+ 51. Kf5 Rxf3+ 52. Ke6 Rfb3 53. Rxb3
Rxb3 54. Rf1 e4 55. Nxf6+ Kg7 56. Nxe4 Re3 57. Kf5 d3 58. Rb1 Nd8 59. Ke5 d2
60. Kd4 Re1 61. Nxd2 Rxb1 62. Nxb1 Ne6+ 63. Kc4 Kf6 64. Nd2 Ke5 65. Nf1 Kf4 66.
Kb4 Kxg4 67. Ne3+ Kxh5 68. Nf5 g4 69. Kc4 Kg5 70. Ne7 g3 71. Nxc6 g2 72. Ne5
Kf4 73. Nd3+ Ke3 0-1